Linkin Park- The Hunting Party - Statistics

General Stats
  • This quiz has been taken 24 times
  • The average score is 9 of 12
Answer Stats
Hint Answer % Correct
11 Final Masquerade
94%
07 Until It's Gone
89%
12 A Line In The Sand
83%
08 Rebellion
83%
06 Wastelands
83%
02 All For Nothing
78%
10 Drawbar
78%
03 Guilty All The Same
78%
01 Keys To The Kingdom
78%
05 War
78%
09 Mark The Grave
67%
04 The Summoning
50%
No matching quizzes found
Score Distribution
Percent of People with Each Score
Percentile by Number Answered
Your Score History
You have not taken this quiz